| 000 | 00917cam a2200313 4500 | ||
|---|---|---|---|
| 001 | ABS65345 | ||
| 008 | 020426n2002 000 0 eng u | ||
| 035 | _a(Sirsi) u117714 | ||
| 245 | _aRegional survey: East Midlands | ||
| 260 | _c2002 | ||
| 490 |
_aProperty Week _v67(14) 12 April 2002, 51-78(10) |
||
| 590 | _aABS | ||
| 650 | _aEAST MIDLANDS | ||
| 650 | _aNOTTINGHAM | ||
| 650 | _aLEICESTER | ||
| 650 | _aLEICESTERSHIRE | ||
| 650 | _aLINCOLN | ||
| 650 | _aBUSINESS PARKS | ||
| 650 | _aNORTHAMPTON | ||
| 650 | _aLINCOLNSHIRE | ||
| 650 | _aDEVELOPMENT | ||
| 650 | _aPLANNING ISSUES | ||
| 650 | _aPROPERTY-COMMERCIAL PROPERTY-RETAIL PROPERTY-RETAIL PROPERTY MARKET | ||
| 650 | _aPROPERTY-COMMERCIAL PROPERTY-OFFICE PROPERTY-OFFICE PROPERTY MARKET | ||
| 650 | _aINDUSTRIAL MARKET | ||
| 650 | _aRELOCATION | ||
| 690 | _aPROPERTY-COMMERCIAL PROPERTY-COMMERCIAL PROPERTY MARKET | ||
| 942 | _n0 | ||
| 999 |
_c70098 _d70098 |
||